| 000 | 00766cam a22002533a 4500 | ||
|---|---|---|---|
| 001 | 8466 | ||
| 003 | PGUSA | ||
| 005 | 20140828083157.0 | ||
| 008 | 050701s2005||||xxu|||||s|||||000 | eng d | ||
| 040 |
_aPGUSA _beng |
||
| 042 | _adc | ||
| 050 | 4 | _aPR | |
| 100 | 1 | _aFarmer, John Stephen | |
| 245 | 1 | 0 |
_aMusa Pedestris - Three Centuries of Canting Songs and Slang Rhymes [1536 - 1896] _h[electronic resource] / _cJohn Stephen Farmer |
| 260 |
_bProject Gutenberg, _c2005 |
||
| 506 | _aPublic domain in the USA. | ||
| 516 | _aElectronic text | ||
| 653 | _aSongs, English -- Texts | ||
| 653 | _aEnglish language -- Slang | ||
| 653 | _aCant -- Great Britain | ||
| 830 | 0 |
_aProject Gutenberg _v8466 |
|
| 856 | 4 | 0 | _uhttp://www.gutenberg.org/ebooks/8466 |
| 942 | _cEB | ||
| 999 |
_c237766 _d237766 |
||